Statistiques concernant Les 10 villes les plus dangereuses en Afrique

Cliquez ici pour prendre le quiz!

Statistiques générales

  • Ce quiz a été pris 322 fois
  • Le résultat moyen est 3 sur 10

Statistiques - réponses

#Villes% Correct
4.Johannesburg
73%
6.Lagos
72%
7.Le Cap
67%
10.Nairobi
37%
9.Luanda
27%
5.Durban
22%
8.Port Elizabeth
7%
3.Benghazi
5%
2.Pietermaritzburg
0%
1.Rustenburg
0%

Distribution des résultats

Percentile par nombre de réponses

% des personnes avec chaque résultat

Votre développement - résultats

Vous n’avez pas pris ce quiz